Images par couleur - Rouge - Statistiques

Statistiques générales
  • Ce quiz a été pris 335 fois
  • Le résultat moyen est 11 sur 12
Statistiques - réponses
Par images Réponse % Correct
Coeur
100%
Pomme
100%
Rose
99%
Fraise
97%
Framboise
96%
Cerise
94%
Tomate
94%
Voiture
94%
Coccinelle
90%
Canne en bonbon
84%
Grenade
77%
Coquelicot
75%
Aucun quiz correspondant
Distribution des résultats
% des personnes avec chaque résultat
Percentile par nombre de réponses
Votre historique - résultats
Vous n’avez pas pris ce quiz